| 000 | 00346nam a22001217a 4500 | ||
|---|---|---|---|
| 008 | 160421b xxu||||| |||| 00| 0 eng d | ||
| 020 | _a9780135025857 | ||
| 020 | _a0135025850 | ||
| 041 | _aeng | ||
| 080 | _a618.2 | ||
| 245 |
_aContemporary maternal newborm nursing care: _cPatricia A.Wieland;Marcia L.London; Michele R.Davidson; |
||
| 942 |
_2udc _cBK |
||
| 999 |
_c1494 _d1494 |
||